The Odyssey [

Bibliographic Details
Main Author: NICHOLAS, Alex
Format: Book
Published: Malaysia : Video Dynamic , 1991
Subjects:

MARC

LEADER 00000cam a2200000 7i4500
001 0000000377
002 000000453
005 20000330.0
020 |a 000000453 
090 0 0 |a JF   |b NIC 
100 1 |a NICHOLAS, Alex 
245 1 4 |a The Odyssey [  |h videorecording]   |c Alex Nicholas 
260 |a Malaysia :   |b Video Dynamic ,   |c 1991 
300 |a 1 videocassette VHS (49:00 min) :   |b Col.(PAL) 
650 0 0 |a Children fiction   |x cartoons and caricatures 
999 |a PV0104   |b VIDEO   |c JUNIOR REFERENCE   |e PERPUSTAKAAN KOMUNITI PETALING JAYA